000 00305nam a2200133Ia 4500
008 230724s1999 xx und d
020 _a185431736
041 _aeng
082 _a915
100 _aNICHOLSON L.
245 _aTHE RED FORT, DELHI, TRAVEL TO LANDMARK,
260 _c1999
300 _a128
999 _c1173545
_d1173545